Marte e Vénus juntos para sempre (Registo nº 10520)
[ vista simples ]
| 000 -Etiqueta do registo | |
|---|---|
| Valores | 00772nam a22001931i 4500 |
| 090 ## - | |
| -- | 10520 |
| 010 ## - Número ISBN | |
| ISBN | 9789727592180 |
| 100 ## - Dados gerais de processamento | |
| Dados gerais | 20170304u u u0frey50 ba |
| 101 0# - Língua de publicação | |
| -- | por |
| 200 1# - Titulo e menção de responsabilidade | |
| Primeira menção de responsabilidade | John Gray |
| Título próprio | Marte e Vénus juntos para sempre |
| Informação de outro título | novas formas de relacionamento para um amor duradouro |
| 215 ## - Descrição física | |
| Paginação / Volumes | 285, [3] p. |
| Dimensões | 21 cm |
| 210 ## - Publicação | |
| Nome do editor | Temas e Debates |
| Local de publicação | Lisboa |
| Data de publicação | 2000 |
| 702 #1 - Autor secundário (pessoa individual) | |
| Apelido | Cezimbra |
| Nome | Márcia |
| -- | 730 |
| 700 #1 - Autor principal (pessoa individual) | |
| Apelido | Gray |
| Nome | John |
| -- | 070 |
| Datas | 1913- |
| 996 ## - ISO2709 | |
| -- | 0011524 |
| -- | GRA |
| -- | 00000000 |
| -- | 00000000 |
| -- | BMVA |
| -- | 1 |
| -- | Viana do Alentejo |
| -- | Psicologia |
| -- | 25 |
| -- | Livro |
| -- | 0 |
| -- | 1 |
| 996 ## - ISO2709 | |
| -- | 0022733 |
| -- | GRA |
| -- | 00000000 |
| -- | 00000000 |
| -- | BMVAAG |
| -- | 4 |
| -- | Aguiar |
| -- | Psicologia |
| -- | 25 |
| -- | Livro |
| -- | 0 |
| -- | 1 |
| 996 ## - ISO2709 | |
| -- | 0027917 |
| -- | GRA |
| -- | 00000000 |
| -- | 00000000 |
| -- | BMVAAL |
| -- | 3 |
| -- | Alcáçovas |
| -- | Psicologia |
| -- | 25 |
| -- | Livro |
| -- | 0 |
| -- | 1 |
| 990 ## - Elementos KOHA | |
| Tipo de documento | Livro |
| Situação do levantamento | Estado | Biblioteca de origem | Biblioteca de empréstimo | Código de barras | Cota | Permissão de empréstimo | Tipo de documento |
|---|---|---|---|---|---|---|---|
| Completo | Biblioteca Municipal de Viana Do Alentejo | Biblioteca Municipal de Viana Do Alentejo | 0014906 | 159.9 GRA | Disponível | Livro | |
| Completo | Biblioteca Municipal de Viana Do Alentejo | Biblioteca Municipal de Viana Do Alentejo Pólo Aguiar | 0017377 | 159.9 GRA | Disponível | Livro | |
| Completo | Biblioteca Municipal de Viana Do Alentejo | Biblioteca Municipal de Viana Do Alentejo Pólo Alcáçovas | 0002777AL | 159.9 GRA | Disponível | Livro |